| 000 | 003720000a22001570004500 | ||
|---|---|---|---|
| 001 | 000169 | ||
| 003 | MACL | ||
| 040 | _aMACL | ||
| 090 |
_c169 _d169 |
||
| 100 | _aPaniker, K. Ayyappa | ||
| 245 |
_aMedieval Indian Literature _bAn Anthology Volume 1 _cK. Ayyappa Paniker |
||
| 260 |
_aSahitya Akademi, _c1997 |
||
| 350 | _a450 | ||
| 650 | _aLiterature | ||
| 942 |
_k800 _cBook |
||
| 999 |
_c49476 _d49476 |
||